[Event "EU Union-ch U14"]
[Site "Kouty nad Desnou"]
[Date "2023.08.17"]
[Round "2"]
[White "Kluska, Lukas"]
[Black "Golub, Mia"]
[Result "1-0"]
[WhiteElo "1310"]
[BlackElo "1041"]
[PlyCount "85"]
[EventDate "2023.08.16"]
[EventType "swiss"]
[EventRounds "9"]
[EventCountry "CZE"]
[SourceTitle "EXT 2024"]
[Source "ChessBase"]
[SourceDate "2023.10.10"]
[SourceVersion "1"]
[SourceVersionDate "2023.10.10"]
[SourceQuality "1"]

1. e4 c5 2. Nf3 d6 3. c3 Nf6 4. Be2 e6 5. 0-0 Be7 6. Qc2 0-0 7. d4 cxd4 8. cxd4 a6 9. Nc3 Nc6 10. Rd1 b5 11. Bg5 Bb7 12. Bxf6 Bxf6 13. e5 Be7 14. a4 b4 15. Ne4 Rc8 16. exd6 Bxd6 17. Nc5 Ba8 18. Rac1 Qb6 19. Nd7 b3 20. Qd3 Nb4 21. Nxb6 Rxc1 22. Qxb3 Rc6 23. Nxa8 Rxa8 24. Ne5 Rc7 25. Qf3 Rac8 26. g3 a5 27. Bb5 Nd5 28. Nd3 Rc2 29. b3 R2c3 30. Bc4 Nb6 31. Qb7 Rb8 32. Qc6 Bf8 33. Qc7 Re8 34. Qxb6 Ra8 35. Ne5 Bb4 36. Qb7 Rf8 37. d5 exd5 38. Rxd5 Rc1+ 39. Kg2 Re1 40. Rd8 Rxd8 41. Qxf7+ Kh8 42. Qg8+ Rxg8 43. Nf7# 1-0

[Event "SVK-ch Amateurs"]
[Site "Liptovsky Jan"]
[Date "2023.06.15"]
[Round "2"]
[White "Kluska, Lukas"]
[Black "Kucej, Robert"]
[Result "0-1"]
[WhiteElo "1294"]
[BlackElo "1643"]
[PlyCount "92"]
[EventDate "2023.06.15"]
[EventType "swiss"]
[EventRounds "8"]
[EventCountry "SVK"]
[SourceTitle "CBM 214 Extra"]
[Source "ChessBase"]
[SourceDate "2023.07.31"]
[SourceVersion "1"]
[SourceVersionDate "2023.07.31"]
[SourceQuality "1"]

1. c4 e5 2. Nc3 Nf6 3. Nf3 Nc6 4. e3 Be7 5. d4 exd4 6. exd4 d5 7. cxd5 Nxd5 8. Bb5 0-0 9. Bxc6 bxc6 10. h3 Ba6 11. Ne2 Bb4+ 12. Bd2 Re8 13. Ne5 Bxd2+ 14. Qxd2 Bxe2 15. Qxe2 f6 16. 0-0 fxe5 17. dxe5 Qg5 18. Rae1 Nf4 19. Qc4+ Kh8 20. Qxc6 Nxh3+ 21. Kh2 Nf4 22. g3 Qh5+ 23. Kg1 Nh3+ 24. Kg2 Ng5 25. Rh1 Qf7 26. f4 Ne6 27. Qe4 g6 28. Rd1 Rad8 29. Rdf1 Rd2+ 30. Kg1 Red8 31. Qf3 Rxb2 32. Qg4 Rdd2 33. Rh3 c5 34. Qf3 Nd4 35. Qa8+ Kg7 36. Qe4 Qb7 37. Qxb7+ Rxb7 38. g4 Rxa2 39. f5 gxf5 40. gxf5 Ne2+ 41. Kh1 Kh8 42. Re3 Nf4 43. e6 Rbb2 44. Rd1 Rh2+ 45. Kg1 Rag2+ 46. Kf1 Rh1# 0-1

[Event "SVK-ch U14"]
[Site "Dudince"]
[Date "2023.04.17"]
[Round "2"]
[White "Kluska, Lukas"]
[Black "Cech, Matej2222"]
[Result "1-0"]
[WhiteElo "1287"]
[BlackElo "1370"]
[PlyCount "109"]
[EventDate "2023.04.16"]
[EventType "swiss"]
[EventRounds "9"]
[EventCountry "SVK"]
[SourceTitle "CBM 213 Extra"]
[Source "ChessBase"]
[SourceDate "2023.05.31"]
[SourceVersion "1"]
[SourceVersionDate "2023.05.31"]
[SourceQuality "1"]

1. e4 c5 2. Nf3 e6 3. c3 d5 4. exd5 exd5 5. d4 Nc6 6. Be3 b6 7. Nbd2 Nf6 8. Bb5 Bd7 9. 0-0 Bd6 10. Re1 0-0 11. Bg5 h6 12. Bh4 Be7 13. Nf1 Re8 14. Ne3 a6 15. Ba4 Ne4 16. Bxe7 Rxe7 17. Nxd5 Re8 18. Ne3 b5 19. Bc2 c4 20. Nxc4 Nxf2 21. Kxf2 bxc4 22. Rxe8+ Qxe8 23. Qe1 Qb8 24. b3 Be6 25. Rb1 Qd6 26. Qe4 g6 27. Rd1 Re8 28. d5 Bd7 29. Qxc4 Ne5 30. Nxe5 Qf6+ 31. Nf3 Bb5 32. Qd4 Re2+ 33. Kg1 Qd6 34. Bd3 Rxa2 35. Bxb5 axb5 36. Re1 Qd7 37. Qe3 Kh7 38. c4 Qg4 39. Re2 Ra1+ 40. Kf2 bxc4 41. Qd4 Qxd4+ 42. Nxd4 cxb3 43. Nxb3 Rd1 44. Rd2 Rxd2+ 45. Nxd2 Kg7 46. Ke3 Kf6 47. Kd4 Ke7 48. Kc5 Kd7 49. Nc4 f6 50. Nb6+ Ke7 51. Kc6 Kd8 52. d6 f5 53. Na4 g5 54. Nc5 f4 55. Nb7+ 1-0

[Event "SVK-ch U12"]
[Site "Stara Lubovna"]
[Date "2021.06.29"]
[Round "5"]
[White "Benci, Jozef1111"]
[Black "Kluska, Lukas"]
[Result "1-0"]
[WhiteElo "1182"]
[BlackElo "1228"]
[PlyCount "49"]
[EventDate "2021.06.26"]
[EventType "swiss"]
[EventRounds "9"]
[EventCountry "SVK"]
[SourceTitle "CBM 203 Extra"]
[Source "ChessBase"]
[SourceDate "2021.09.30"]
[SourceVersion "1"]
[SourceVersionDate "2021.09.30"]
[SourceQuality "1"]

1. e4 e5 2. Nf3 Nc6 3. Bc4 Be7 4. d4 d6 5. dxe5 dxe5 6. Qxd8+ Bxd8 7. Nc3 Nf6 8. Be3 Be7 9. a3 0-0 10. h4 Rd8 11. Rd1 Bg4 12. Bd5 Nh5 13. Bxc6 bxc6 14. Rxd8+ Rxd8 15. Nxe5 Be6 16. Nxc6 Rd7 17. Nxe7+ Rxe7 18. Bxa7 Nf4 19. g3 Ng6 20. f3 c6 21. Bc5 Rb7 22. b4 Ne5 23. Kf2 Rd7 24. Rd1 Rxd1 25. Nxd1 1-0